|
|
|
|
| LEADER |
00000nam0a2200000 4500 |
| 001 |
125303 |
| 005 |
20231031131323.0 |
| 010 |
|
|
|a 1584885114
|
| 035 |
|
|
|a (RuTPU)RU\TPU\book\135598
|
| 090 |
|
|
|a 125303
|
| 100 |
|
|
|a 20071115d2006 k y0engy50 ba
|
| 101 |
0 |
|
|a eng
|
| 102 |
|
|
|a US
|
| 105 |
|
|
|a a z 001zy
|
| 200 |
1 |
|
|a Advanced University Physics
|f M. S. Rogalski, S. B. Palmer
|
| 205 |
|
|
|a 2nd ed.
|
| 210 |
|
|
|a New York
|c Taylor & Francis Group
|d 2006
|
| 215 |
|
|
|a 1006 p.
|c il.
|
| 320 |
|
|
|a Index: p. 997-1006.
|
| 610 |
1 |
|
|a физика
|
| 610 |
1 |
|
|a механика
|
| 610 |
1 |
|
|a термодинамика
|
| 610 |
1 |
|
|a электростатика
|
| 610 |
1 |
|
|a электромагнетизм
|
| 610 |
1 |
|
|a атомная физика
|
| 610 |
1 |
|
|a магнетизм
|
| 610 |
1 |
|
|a английский язык
|
| 610 |
1 |
|
|a учебные пособия
|
| 675 |
|
|
|a 53(075.8)
|v 3
|
| 700 |
|
1 |
|a Rogalski
|b M. S.
|g Mircea
|
| 701 |
|
1 |
|a Palmer
|b S. B.
|g Stuart B.
|
| 801 |
|
1 |
|a RU
|b 63413507
|c 20071115
|g PSBO
|
| 801 |
|
2 |
|a RU
|b 63413507
|c 20071122
|g PSBO
|
| 942 |
|
|
|c BK
|